MARC details
| 000 -LEADER |
| fixed length control field |
03234cam a22003254a 4500 |
| 001 - CONTROL NUMBER |
| control field |
16996997 |
| 003 - CONTROL NUMBER IDENTIFIER |
| control field |
OSt |
| 005 - DATE AND TIME OF LATEST TRANSACTION |
| control field |
20150729112543.0 |
| 008 - FIXED-LENGTH DATA ELEMENTS--GENERAL INFORMATION |
| fixed length control field |
111012s2012 miuab b 001 0 eng |
| 010 ## - LIBRARY OF CONGRESS CONTROL NUMBER |
| LC control number |
2011041395 |
| 020 ## - INTERNATIONAL STANDARD BOOK NUMBER |
| International Standard Book Number |
9780737756685 (hardcover) |
| 020 ## - INTERNATIONAL STANDARD BOOK NUMBER |
| International Standard Book Number |
0737756683 (hardcover) |
| 020 ## - INTERNATIONAL STANDARD BOOK NUMBER |
| International Standard Book Number |
9780737756692 (pbk.) |
| 020 ## - INTERNATIONAL STANDARD BOOK NUMBER |
| International Standard Book Number |
0737756691 (pbk.) |
| 035 ## - SYSTEM CONTROL NUMBER |
| System control number |
(OCoLC)ocn744303289 |
| 040 ## - CATALOGING SOURCE |
| Original cataloging agency |
SEKU |
| 042 ## - AUTHENTICATION CODE |
| Authentication code |
pcc |
| 050 00 - LIBRARY OF CONGRESS CALL NUMBER |
| Classification number |
HD 6971.8 |
| Item number |
.W6 2012 |
| 245 00 - TITLE STATEMENT |
| Title |
Workers' rights |
| Statement of responsibility, etc. |
Noah Berlatsky, book editor. |
| 260 ## - PUBLICATION, DISTRIBUTION, ETC. (IMPRINT) |
| Place of publication, distribution, etc. |
Detroit : |
| Name of publisher, distributor, etc. |
Greenhaven Press, |
| Date of publication, distribution, etc. |
c2012. |
| 300 ## - PHYSICAL DESCRIPTION |
| Extent |
234 p. : |
| Other physical details |
ill., maps ; |
| Dimensions |
24 cm. |
| 490 1# - SERIES STATEMENT |
| Series statement |
Global viewpoints |
| 504 ## - BIBLIOGRAPHY, ETC. NOTE |
| Bibliography, etc |
Includes bibliographical references (p. 218-220) and index. |
| 505 00 - FORMATTED CONTENTS NOTE |
| Miscellaneous information |
ch. 1. |
| Title |
Labor regulations worldwide. |
| -- |
In Brazil, excessive labor regulations harm employers and workers / |
| Statement of responsibility |
Economist -- |
| Title |
Brazil needs stronger regulation of domestic workers / |
| Statement of responsibility |
Ana Virginia Moreira Gomes and Patricia Tuma Martins Bertolin -- |
| Title |
In India, more flexible labor regulations are needed to encourage growth / |
| Statement of responsibility |
Sadiq Ahmed and Shantayanan Devarajan -- |
| Title |
Chile must adopt stronger workplace safety regulations for mines / |
| Statement of responsibility |
Daniela Estrada -- |
| Title |
In Greece, vacation and retirement provisions are too generous / |
| Statement of responsibility |
Spiegel Online -- |
| Title |
American vacation policy is not sufficiently generous / |
| Statement of responsibility |
David Moberg -- |
| Miscellaneous information |
ch. 2. |
| Title |
Unions and collective bargaining. |
| -- |
China needs collective bargaining to protect workers' rights / |
| Statement of responsibility |
Han Dongfang -- |
| Title |
The erosion of collective bargaining threatens human rights in the United Kingdom and the world / |
| Statement of responsibility |
Keith Ewing -- |
| Title |
In the United States, collective bargaining harms workers and taxpayers / |
| Statement of responsibility |
Robert Barro -- |
| Title |
South Africa has moved toward greater centralization of trade unions / |
| Statement of responsibility |
Johann Maree -- |
| Title |
Canada may move toward weakening trade unions / |
| Statement of responsibility |
Tom Sandborn -- |
| Title |
French unions threaten workers' well-being / |
| Statement of responsibility |
Spencer Fernando -- |
| Title |
French unions protect workers from government / |
| Statement of responsibility |
Aurelien Mondon -- |
| Miscellaneous information |
ch. 3. |
| Title |
Workplace discrimination. |
| -- |
Workplace discrimination is a growing problem in Asia / |
| Statement of responsibility |
International Labour Organization (ILO) -- |
| Title |
Caste discrimination in South Asian communities in the United Kingdom is a serious problem / |
| Statement of responsibility |
Roger Green, Stephen Whittle, and Anti Caste Discrimination Alliance (ACDA) -- |
| Title |
Women in Russia face workplace discrimination / |
| Statement of responsibility |
Elena Novikova -- |
| Title |
In Israel, Arabs face workplace discrimination / |
| Statement of responsibility |
Jonathan Cook -- |
| Miscellaneous information |
ch. 4. |
| Title |
Migrant and slave labor. |
| -- |
Migrant domestic workers face slave labor conditions in Saudi Arabia / |
| Statement of responsibility |
Human Rights Watch -- |
| Title |
Germany is cracking down on migrant slave labor in Chinese restaurants / |
| Statement of responsibility |
Andreas Ulrich -- |
| Title |
Australian consumers should put pressure on slave labor employers / |
| Statement of responsibility |
Kelly Griffin -- |
| Title |
In Britain, internships have features in common with slave labor / |
| Statement of responsibility |
Tom Rawstorne -- |
| Title |
In Japan, internships can be valuable or exploitative / |
| Statement of responsibility |
Terrie Lloyd -- |
| Title |
Child sex trafficking in Malaysia is a serious problem / |
| Statement of responsibility |
ECPAT International -- |
| Title |
Sex workers face bias in migration policies / |
| Statement of responsibility |
Susie Bright, in an interview with Laura Agustin. |
| 650 #0 - SUBJECT ADDED ENTRY--TOPICAL TERM |
| Topical term or geographic name as entry element |
Employee rights. |
| 650 #0 - SUBJECT ADDED ENTRY--TOPICAL TERM |
| Topical term or geographic name as entry element |
Human rights. |
| 700 1# - ADDED ENTRY--PERSONAL NAME |
| Personal name |
Berlatsky, Noah. |
| 830 #0 - SERIES ADDED ENTRY--UNIFORM TITLE |
| Uniform title |
Global viewpoints. |
| 942 ## - ADDED ENTRY ELEMENTS (KOHA) |
| Source of classification or shelving scheme |
Library of Congress Classification |
| Koha item type |
General circulation |